Statystyki dla Najczęściej słuchani raperzy w Polsce

Kliknij tutaj aby rozwiązać quiz!

Ogólne statystyki

  • Ten quiz został rozwiązany 228 razy
  • Średni wynik to 5 z 9

Statystyki odpowiedzi

HintOdpowiedź% Poprawnych
496 tys subskrybentówMata
82%
3.27 mln subskrybentówBedoes
76%
2,4 mln subskrybentówQuebonafide
69%
3.27 mln subskrybentówWhite 2115
67%
1,55 mln subskrybentówTaco Hemingway
62%
1,3 mln subskrybentówŻabson
55%
1,02 mln subskrybentówYoung Igi
45%
634 tys subskrybentówTymek
26%
3.27 mln subskrybentówLanek
17%

Rozkład punktacji

Percentyl według liczby udzielonych odpowiedzi

Procent ludzi z każdym wynikiem

Twoja historia wyników

Nie rozwiązałeś tego quizu